| 000 | 00763nam a2200229 a 4500 | ||
|---|---|---|---|
| 005 | 20251106063902.0 | ||
| 008 | 010829s2000 es r 000 0 spa d | ||
| 020 | _a8427713061 | ||
| 035 | _aUPN01000110714 | ||
| 049 | _aCG | ||
| 050 | 4 |
_aLB2806.15 _bM8.2 |
|
| 100 | 1 | _aMuzás, María Dolores | |
| 245 | 1 | 0 |
_aAdaptación del currículo al contexto y al aula : _brespuesta educativa en las cuevas de Guadix / _cMa. Dolores Muzás, Mercedes Blanchard, Ma. Teresa Sandín. |
| 260 |
_aMadrid : _bNarcea, _c2000. |
||
| 300 | _a202 p. | ||
| 440 | 0 | _aEducación hoy | |
| 650 | 2 |
_aPlanificación curricular _95734 |
|
| 650 | 4 |
_aEvaluación curricular _91717 |
|
| 700 | 1 |
_aBlanchard, Mercedes, _ecoaut. |
|
| 700 | 1 |
_aSandín, María Teresa, _ecoaut. |
|
| 905 | _aLibro | ||
| 999 |
_c84623 _d84623 |
||